[Event "Stay Safe Play From Home 283"]
[Site "Emanuel Lasker Arena"]
[Date "2020.07.07"]
[Round "8"]
[White "Lazieri3"]
[Black "Weltszmerc"]
[Result "0-1"]
[WhiteElo "2094"]
[BlackElo "2181"]
[PlyCount "70"]
[EventDate "2020.07.07"]
[EventType "swiss (blitz)"]

1. e4 {[%emt 0:00:01]} Nf6 {[%emt 0:00:00]} 2. Nc3 {[%emt 0:00:00]} d5 {[%emt 0:00:01]} 3. exd5 {[%emt 0:00:00]} Nxd5 {[%emt 0:00:00]} 4. Nxd5 {[%emt 0:00:00]} Qxd5 {[%emt 0:00:00]} 5. Qf3 {[%emt 0:00:00]} c6 {[%emt 0:00:00]} 6. Qxd5 {[%emt 0:00:01]} cxd5 {[%emt 0:00:00]} 7. d4 {[%emt 0:00:00]} Nc6 {[%emt 0:00:00]} 8. Bf4 {[%emt 0:00:00]} Bf5 {[%emt 0:00:01]} 9. c3 {[%emt 0:00:01]} e6 {[%emt 0:00:00]} 10. Kd2 {[%emt 0:00:01]} Be7 {[%emt 0:00:01]} 11. Bd3 {[%emt 0:00:00]} Bxd3 {[%emt 0:00:00]} 12. Kxd3 {[%emt 0:00:00]} O-O {[%emt 0:00:00]} 13. Nf3 {[%emt 0:00:01]} Rac8 {[%emt 0:00:00]} 14. Ne5 {[%emt 0:00:00]} Nxe5+ {[%emt 0:00:02]} 15. Bxe5 {[%emt 0:00:00]} b5 {[%emt 0:00:01]} 16. a3 {[%emt 0:00:01]} Rc4 {[%emt 0:00:01]} 17. Rhc1 {[%emt 0:00:01]} f6 {[%emt 0:00:01]} 18. Bf4 {[%emt 0:00:01]} e5 {[%emt 0:00:00]} 19. Be3 {[%emt 0:00:02]} e4+ {[%emt 0:00:01]} 20. Kd2 {[%emt 0:00:00]} Rfc8 {[%emt 0:00:02]} 21. f3 {[%emt 0:00:01]} f5 {[%emt 0:00:02]} 22. fxe4 {[%emt 0:00:00]} fxe4 {[%emt 0:00:00]} 23. Bf4 {[%emt 0:00:01]} a5 {[%emt 0:00:01]} 24. Be5 {[%emt 0:00:01]} b4 {[%emt 0:00:01]} 25. axb4 {[%emt 0:00:00]} Bg5+ {[%emt 0:00:01]} 26. Kd1 {[%emt 0:00:03]} Bxc1 {[%emt 0:00:01]} 27. Kxc1 {[%emt 0:00:02]} axb4 {[%emt 0:00:01]} 28. Ra7 {[%emt 0:00:00]} bxc3 {[%emt 0:00:03]} 29. Rxg7+ {[%emt 0:00:01]} Kf8 {[%emt 0:00:00]} 30. bxc3 {[%emt 0:00:01]} Rxc3+ {[%emt 0:00:01]} 31. Kd2 {[%emt 0:00:01]} Rc2+ {[%emt 0:00:01]} 32. Ke3 {[%emt 0:00:01]} R8c3+ {[%emt 0:00:02]} 33. Kf4 {[%emt 0:00:01]} Rf2+ {[%emt 0:00:01]} 34. Kg5 {[%emt 0:00:04]} Rxg2+ {[%emt 0:00:01]} 35. Kh6 {[%emt 0:00:00]} Rh3# {[%emt 0:00:01] (Lag: Av=1.20s, max=1.7s)} 0-1

[Event "Stay Safe Play From Home 283"]
[Site "Emanuel Lasker Arena"]
[Date "2020.07.07"]
[Round "8"]
[White "Haxhi Baha"]
[Black "Klasman"]
[Result "1-0"]
[WhiteElo "2018"]
[BlackElo "1429"]
[PlyCount "43"]
[EventDate "2020.07.07"]
[EventType "swiss (blitz)"]

1. e4 {[%emt 0:00:01]} f5 {[%emt 0:00:04]} 2. exf5 {[%emt 0:00:01]} Nf6 {[%emt 0:00:01]} 3. d4 {[%emt 0:00:01]} d5 {[%emt 0:00:01]} 4. Bd3 {[%emt 0:00:01]} Nc6 {[%emt 0:00:03]} 5. Bg5 {[%emt 0:00:01]} e6 {[%emt 0:00:01]} 6. Bxf6 {[%emt 0:00:03]} Qxf6 {[%emt 0:00:01]} 7. c3 {[%emt 0:00:02]} exf5 {[%emt 0:00:02]} 8. Nf3 {[%emt 0:00:01]} Bd6 {[%emt 0:00:01]} 9. O-O {[%emt 0:00:01]} O-O {[%emt 0:00:01]} 10. Nbd2 {[%emt 0:00:01]} g5 {[%emt 0:00:02]} 11. Re1 {[%emt 0:00:01]} Bd7 {[%emt 0:00:05]} 12. Nb3 {[%emt 0:00:01]} g4 {[%emt 0:00:04]} 13. Ne5 {[%emt 0:00:01]} Nxe5 {[%emt 0:00:05]} 14. dxe5 {[%emt 0:00:00]} Bxe5 {[%emt 0:00:01]} 15. Nc5 {[%emt 0:00:01]} Bc6 {[%emt 0:00:02]} 16. Qc2 {[%emt 0:00:05]} d4 {[%emt 0:00:04]} 17. Bc4+ {[%emt 0:00:03]} Kg7 {[%emt 0:00:03]} 18. Ne6+ {[%emt 0:00:01]} Kh8 {[%emt 0:00:05]} 19. cxd4 {[%emt 0:00:01]} Bxd4 {[%emt 0:00:06]} 20. Nxf8 {[%emt 0:00:01]} Rxf8 {[%emt 0:00:02]} 21. Rad1 {[%emt 0:00:01]} Bb6 {[%emt 0:00:05]} 22. Re6 {[%emt 0:00:03] Time (Lag: Av=0.68s, max=0.8s)} 1-0

[Event "Stay Safe Play From Home 283"]
[Site "Emanuel Lasker Arena"]
[Date "2020.07.07"]
[Round "8"]
[White "Fischer_11"]
[Black "Trotsky"]
[Result "1-0"]
[WhiteElo "2005"]
[BlackElo "1638"]
[Annotator "NA"]
[PlyCount "51"]
[EventDate "2020.07.07"]
[EventType "swiss (blitz)"]

1. e4 {[%emt 0:00:02]} c5 {[%emt 0:00:01]} 2. c3 {[%emt 0:00:01]} e6 {[%emt 0:00:00]} 3. d4 {[%emt 0:00:01]} d5 {[%emt 0:00:01]} 4. exd5 {[%emt 0:00:00]} exd5 {[%emt 0:00:01]} 5. Be3 {[%emt 0:00:01]} c4 {[%emt 0:00:01]} 6. b3 {[%emt 0:00:01]} Be6 {[%emt 0:00:01]} 7. bxc4 {[%emt 0:00:01]} Nc6 {[%emt 0:00:01]} 8. Nd2 {[%emt 0:00:00]} Nf6 {[%emt 0:00:01]} 9. cxd5 {[%emt 0:00:00]} Bxd5 {[%emt 0:00:01]} 10. c4 {[%emt 0:00:00]} Be6 {[%emt 0:00:03]} 11. d5 {[%emt 0:00:01]} Nxd5 {[%emt 0:00:01]} 12. cxd5 {[%emt 0:00:00]} Bxd5 {[%emt 0:00:01]} 13. Ngf3 {[%emt 0:00:02]} Bd6 {[%emt 0:00:03]} 14. Bc4 {[%emt 0:00:01]} Be6 {[%emt 0:00:01]} 15. Bxe6 {[%emt 0:00:02]} fxe6 {[%emt 0:00:01]} 16. O-O {[%emt 0:00:00]} Qc7 {[%emt 0:00:01]} 17. Nc4 {[%emt 0:00:02]} O-O-O {[%emt 0:00:02]} 18. Nxd6+ {[%emt 0:00:01]} Rxd6 {[%emt 0:00:01]} 19. Qc2 {[%emt 0:00:05]} Kb8 {[%emt 0:00:02]} 20. Rfe1 {[%emt 0:00:03]} Rc8 {[%emt 0:00:02]} 21. Bf4 {[%emt 0:00:01]} e5 {[%emt 0:00:03]} 22. Nxe5 {[%emt 0:00:01]} Nxe5 {[%emt 0:00:01]} 23. Qxc7+ {[%emt 0:00:01]} Rxc7 {[%emt 0:00:01]} 24. Bxe5 {[%emt 0:00:00]} Rdc6 {[%emt 0:00:01]} 25. Rac1 {[%emt 0:00:04]} Rd6 {[%emt 0:00:00]} 26. Bxd6 {[%emt 0:00:01] Trotsky Ñäàåòñÿ (Lag: Av=0.22s, max=0.5s)} 1-0

[Event "Stay Safe Play From Home 283"]
[Site "Emanuel Lasker Arena"]
[Date "2020.07.07"]
[Round "8"]
[White "Robk"]
[Black "Toosieslide"]
[Result "0-1"]
[WhiteElo "1506"]
[BlackElo "2192"]
[PlyCount "78"]
[EventDate "2020.07.07"]
[EventType "swiss (blitz)"]

1. e4 {[%emt 0:00:01]} e5 {[%emt 0:00:01]} 2. Nf3 {[%emt 0:00:02]} Nc6 {[%emt 0:00:02]} 3. Bb5 {[%emt 0:00:02]} a6 {[%emt 0:00:01]} 4. Ba4 {[%emt 0:00:01]} Nf6 {[%emt 0:00:01]} 5. O-O {[%emt 0:00:05]} Nxe4 {[%emt 0:00:01]} 6. Re1 {[%emt 0:00:04]} Nc5 {[%emt 0:00:02]} 7. Nxe5 {[%emt 0:00:03]} Nxe5 {[%emt 0:00:03]} 8. Rxe5+ {[%emt 0:00:03]} Be7 {[%emt 0:00:01]} 9. Bb3 {[%emt 0:00:12]} Nxb3 {[%emt 0:00:01]} 10. axb3 {[%emt 0:00:01]} O-O {[%emt 0:00:00]} 11. Nc3 {[%emt 0:00:01]} d6 {[%emt 0:00:00]} 12. Re1 {[%emt 0:00:02]} Be6 {[%emt 0:00:00]} 13. d4 {[%emt 0:00:02]} d5 {[%emt 0:00:00]} 14. Be3 {[%emt 0:00:03]} c6 {[%emt 0:00:00]} 15. Qd2 {[%emt 0:00:01]} Qd7 {[%emt 0:00:00]} 16. Bf4 {[%emt 0:00:03]} h6 {[%emt 0:00:00]} 17. Be5 {[%emt 0:00:02]} Bd6 {[%emt 0:00:00]} 18. Bxd6 {[%emt 0:00:02]} Qxd6 {[%emt 0:00:00]} 19. Ne2 {[%emt 0:00:02]} Rfe8 {[%emt 0:00:00]} 20. Ng3 {[%emt 0:00:02]} Bf5 {[%emt 0:00:00]} 21. c3 {[%emt 0:00:01]} Bg6 {[%emt 0:00:01]} 22. b4 {[%emt 0:00:00]} b5 {[%emt 0:00:01]} 23. Rxe8+ {[%emt 0:00:03]} Rxe8 {[%emt 0:00:01]} 24. Re1 {[%emt 0:00:00]} Rxe1+ {[%emt 0:00:01]} 25. Qxe1 {[%emt 0:00:00]} Qe6 {[%emt 0:00:00]} 26. Qe3 {[%emt 0:00:00]} Qxe3 {[%emt 0:00:01]} 27. fxe3 {[%emt 0:00:00]} Bc2 {[%emt 0:00:00]} 28. Kf2 {[%emt 0:00:00]} Bd3 {[%emt 0:00:00]} 29. Ke1 {[%emt 0:00:01]} Be2 {[%emt 0:00:00]} 30. Kd2 {[%emt 0:00:00]} Bf1 {[%emt 0:00:02]} 31. Nf5 {[%emt 0:00:02]} Bxg2 {[%emt 0:00:01]} 32. Nd6 {[%emt 0:00:00]} Kf8 {[%emt 0:00:01]} 33. Nb7 {[%emt 0:00:00]} Ke7 {[%emt 0:00:00]} 34. Nc5 {[%emt 0:00:00]} Kd6 {[%emt 0:00:00]} 35. Nxa6 {[%emt 0:00:00]} Bf1 {[%emt 0:00:02]} 36. Nc5 {[%emt 0:00:00]} Bc4 {[%emt 0:00:00]} 37. Na6 {[%emt 0:00:00]} Bb3 {[%emt 0:00:00]} 38. Nc5 {[%emt 0:00:00]} Ba4 {[%emt 0:00:00]} 39. Na6 {[%emt 0:00:00]} Kd7 {[%emt 0:00:01]} 0-1

[Event "Stay Safe Play From Home 283"]
[Site "Emanuel Lasker Arena"]
[Date "2020.07.07"]
[Round "9"]
[White "Mepe_Nika"]
[Black "Fischer_11"]
[Result "1/2-1/2"]
[WhiteElo "2383"]
[BlackElo "2009"]
[Annotator "NA"]
[PlyCount "119"]
[EventDate "2020.07.07"]
[EventType "swiss (blitz)"]

1. d4 {[%emt 0:00:02]} e5 {[%emt 0:00:01]} 2. dxe5 {[%emt 0:00:01]} Nc6 {[%emt 0:00:00]} 3. g3 {[%emt 0:00:01]} Qe7 {[%emt 0:00:01]} 4. Bg2 {[%emt 0:00:00]} Nxe5 {[%emt 0:00:01]} 5. Nf3 {[%emt 0:00:01]} Nxf3+ {[%emt 0:00:00]} 6. Bxf3 {[%emt 0:00:00]} Nf6 {[%emt 0:00:00]} 7. O-O {[%emt 0:00:01]} g6 {[%emt 0:00:00]} 8. Nc3 {[%emt 0:00:01]} Bg7 {[%emt 0:00:00]} 9. Bg5 {[%emt 0:00:01]} c6 {[%emt 0:00:01]} 10. Ne4 {[%emt 0:00:01]} h6 {[%emt 0:00:03]} 11. Nxf6+ {[%emt 0:00:01]} Bxf6 {[%emt 0:00:01]} 12. Bxf6 {[%emt 0:00:00]} Qxf6 {[%emt 0:00:01]} 13. Rb1 {[%emt 0:00:01]} d5 {[%emt 0:00:01]} 14. c4 {[%emt 0:00:01]} dxc4 {[%emt 0:00:03]} 15. Qc1 {[%emt 0:00:02]} Be6 {[%emt 0:00:07]} 16. b3 {[%emt 0:00:01]} cxb3 {[%emt 0:00:02]} 17. axb3 {[%emt 0:00:00]} Qg5 {[%emt 0:00:03]} 18. Qc3 {[%emt 0:00:13]} O-O {[%emt 0:00:04]} 19. h4 {[%emt 0:00:01]} Qe7 {[%emt 0:00:03]} 20. b4 {[%emt 0:00:01]} Rad8 {[%emt 0:00:02]} 21. Rfd1 {[%emt 0:00:01]} Rxd1+ {[%emt 0:00:02]} 22. Rxd1 {[%emt 0:00:00]} Rd8 {[%emt 0:00:00]} 23. Rxd8+ {[%emt 0:00:01]} Qxd8 {[%emt 0:00:00]} 24. Qe3 {[%emt 0:00:00]} Kg7 {[%emt 0:00:02]} 25. Qxa7 {[%emt 0:00:02]} Bd5 {[%emt 0:00:06]} 26. Qd4+ {[%emt 0:00:02]} Qf6 {[%emt 0:00:02]} 27. Qxf6+ {[%emt 0:00:05]} Kxf6 {[%emt 0:00:00]} 28. e4 {[%emt 0:00:02]} Bc4 {[%emt 0:00:02]} 29. Bg2 {[%emt 0:00:01]} Ke5 {[%emt 0:00:01]} 30. f4+ {[%emt 0:00:01]} Kd4 {[%emt 0:00:01]} 31. Kf2 {[%emt 0:00:01]} f6 {[%emt 0:00:01]} 32. g4 {[%emt 0:00:03]} b6 {[%emt 0:00:01]} 33. Kg3 {[%emt 0:00:04]} c5 {[%emt 0:00:01]} 34. bxc5 {[%emt 0:00:00]} bxc5 {[%emt 0:00:00]} 35. h5 {[%emt 0:00:01]} gxh5 {[%emt 0:00:01]} 36. gxh5 {[%emt 0:00:00]} Bd3 {[%emt 0:00:00]} 37. e5 {[%emt 0:00:02]} fxe5 {[%emt 0:00:00]} 38. fxe5 {[%emt 0:00:00]} Kxe5 {[%emt 0:00:00]} 39. Kf2 {[%emt 0:00:00]} c4 {[%emt 0:00:00]} 40. Ke3 {[%emt 0:00:00]} Bf5 {[%emt 0:00:01]} 41. Bf3 {[%emt 0:00:01]} c3 {[%emt 0:00:00]} 42. Bd1 {[%emt 0:00:01]} c2 {[%emt 0:00:00]} 43. Kd2 {[%emt 0:00:01]} cxd1=Q+ {[%emt 0:00:01]} 44. Kxd1 {[%emt 0:00:00]} Kf4 {[%emt 0:00:01]} 45. Ke1 {[%emt 0:00:00]} Kg5 {[%emt 0:00:00]} 46. Kf1 {[%emt 0:00:00]} Kxh5 {[%emt 0:00:00]} 47. Kg1 {[%emt 0:00:00]} Kg5 {[%emt 0:00:00]} 48. Kh2 {[%emt 0:00:00]} Be4 {[%emt 0:00:00]} 49. Kg1 {[%emt 0:00:00]} Bd5 {[%emt 0:00:01]} 50. Kh2 {[%emt 0:00:00]} h5 {[%emt 0:00:00]} 51. Kg3 {[%emt 0:00:00]} h4+ {[%emt 0:00:00]} 52. Kh3 {[%emt 0:00:00]} Kh5 {[%emt 0:00:01]} 53. Kh2 {[%emt 0:00:00]} Kg4 {[%emt 0:00:00]} 54. Kg1 {[%emt 0:00:01]} h3 {[%emt 0:00:00]} 55. Kh2 {[%emt 0:00:00]} Kh4 {[%emt 0:00:00]} 56. Kg1 {[%emt 0:00:00]} Kg3 {[%emt 0:00:00]} 57. Kf1 {[%emt 0:00:01]} h2 {[%emt 0:00:00]} 58. Ke2 {[%emt 0:00:00]} h1=Q {[%emt 0:00:00]} 59. Ke3 {[%emt 0:00:00]} Qg2 {[%emt 0:00:00]} 60. Kd4 {[%emt 0:00:00] (Lag: Av=0.38s, max=1.1s)} 1/2-1/2

[Event "Stay Safe Play From Home 283"]
[Site "Emanuel Lasker Arena"]
[Date "2020.07.07"]
[Round "9"]
[White "Jhhonnyy"]
[Black "Haris kollari 13"]
[Result "1-0"]
[WhiteElo "2309"]
[BlackElo "1761"]
[Annotator "NA"]
[PlyCount "57"]
[EventDate "2020.07.07"]
[EventType "swiss (blitz)"]

1. d4 {[%emt 0:00:01]} e6 {[%emt 0:00:00]} 2. c4 {[%emt 0:00:00]} d5 {[%emt 0:00:00]} 3. Nf3 {[%emt 0:00:00]} c5 {[%emt 0:00:01]} 4. g3 {[%emt 0:00:00]} cxd4 {[%emt 0:00:01]} 5. cxd5 {[%emt 0:00:00]} Qxd5 {[%emt 0:00:03]} 6. Bg2 {[%emt 0:00:01]} e5 {[%emt 0:00:02]} 7. O-O {[%emt 0:00:01]} f6 {[%emt 0:00:02]} 8. e3 {[%emt 0:00:03]} Nc6 {[%emt 0:00:04]} 9. Nxd4 {[%emt 0:00:01]} Qd7 {[%emt 0:00:04]} 10. Nxc6 {[%emt 0:00:01]} bxc6 {[%emt 0:00:01]} 11. Qa4 {[%emt 0:00:01]} Bb7 {[%emt 0:00:02]} 12. Rd1 {[%emt 0:00:01]} Qc7 {[%emt 0:00:01]} 13. Nc3 {[%emt 0:00:01]} Be7 {[%emt 0:00:07]} 14. Nd5 {[%emt 0:00:01]} Qd7 {[%emt 0:00:10]} 15. Nxf6+ {[%emt 0:00:02]} Nxf6 {[%emt 0:00:03]} 16. Rxd7 {[%emt 0:00:00]} Nxd7 {[%emt 0:00:01]} 17. Bxc6 {[%emt 0:00:01]} Bxc6 {[%emt 0:00:03]} 18. Qxc6 {[%emt 0:00:00]} Rd8 {[%emt 0:00:01]} 19. Bd2 {[%emt 0:00:01]} O-O {[%emt 0:00:01]} 20. Qe6+ {[%emt 0:00:01]} Rf7 {[%emt 0:00:02]} 21. Bc3 {[%emt 0:00:01]} Nf8 {[%emt 0:00:02]} 22. Qxe5 {[%emt 0:00:02]} Bf6 {[%emt 0:00:01]} 23. Qa5 {[%emt 0:00:01]} Rc8 {[%emt 0:00:02]} 24. Bxf6 {[%emt 0:00:01]} gxf6 {[%emt 0:00:01]} 25. Rd1 {[%emt 0:00:00]} Rfc7 {[%emt 0:00:01]} 26. Kg2 {[%emt 0:00:02]} Ne6 {[%emt 0:00:01]} 27. Qd5 {[%emt 0:00:01]} Kf7 {[%emt 0:00:02]} 28. Rd3 {[%emt 0:00:02]} Rc5 {[%emt 0:00:01]} 29. Qd7+ {[%emt 0:00:01] Time} 1-0

[Event "Stay Safe Play From Home 283"]
[Site "Emanuel Lasker Arena"]
[Date "2020.07.07"]
[Round "9"]
[White "Weltszmerc"]
[Black "Sfantul321"]
[Result "0-1"]
[WhiteElo "2194"]
[BlackElo "2012"]
[Annotator "NA"]
[PlyCount "68"]
[EventDate "2020.07.07"]
[EventType "swiss (blitz)"]

1. d4 {[%emt 0:00:02]} e5 {[%emt 0:00:00]} 2. Nf3 {[%emt 0:00:02]} exd4 {[%emt 0:00:01]} 3. Nxd4 {[%emt 0:00:00]} Bc5 {[%emt 0:00:01]} 4. Nb3 {[%emt 0:00:01]} Bb6 {[%emt 0:00:00]} 5. c4 {[%emt 0:00:00]} d6 {[%emt 0:00:01]} 6. Nc3 {[%emt 0:00:00]} Nf6 {[%emt 0:00:01]} 7. g3 {[%emt 0:00:00]} O-O {[%emt 0:00:01]} 8. Bg2 {[%emt 0:00:00]} Nc6 {[%emt 0:00:00]} 9. O-O {[%emt 0:00:01]} Be6 {[%emt 0:00:01]} 10. Nd5 {[%emt 0:00:01]} Ne5 {[%emt 0:00:03]} 11. Qc2 {[%emt 0:00:04]} h6 {[%emt 0:00:03]} 12. Rd1 {[%emt 0:00:02]} Nfd7 {[%emt 0:00:01]} 13. h3 {[%emt 0:00:01]} Ng6 {[%emt 0:00:02]} 14. Nxb6 {[%emt 0:00:02]} Nxb6 {[%emt 0:00:02]} 15. Bxb7 {[%emt 0:00:00]} Rb8 {[%emt 0:00:01]} 16. Bd5 {[%emt 0:00:01]} Nxd5 {[%emt 0:00:03]} 17. cxd5 {[%emt 0:00:00]} Bxh3 {[%emt 0:00:01]} 18. Nd4 {[%emt 0:00:00]} Qf6 {[%emt 0:00:02]} 19. Nc6 {[%emt 0:00:03]} Rbe8 {[%emt 0:00:03]} 20. Be3 {[%emt 0:00:02]} Ne5 {[%emt 0:00:01]} 21. Bd4 {[%emt 0:00:01]} Nf3+ {[%emt 0:00:02]} 22. Kh1 {[%emt 0:00:08]} Nxd4 {[%emt 0:00:01]} 23. Nxd4 {[%emt 0:00:01]} Qg5 {[%emt 0:00:02]} 24. e4 {[%emt 0:00:05]} Qh5 {[%emt 0:00:02]} 25. Kg1 {[%emt 0:00:01]} Bg4 {[%emt 0:00:01]} 26. Rd3 {[%emt 0:00:02]} f5 {[%emt 0:00:01]} 27. Re3 {[%emt 0:00:04]} fxe4 {[%emt 0:00:01]} 28. Qb3 {[%emt 0:00:02]} Bf3 {[%emt 0:00:02]} 29. Nxf3 {[%emt 0:00:01]} exf3 {[%emt 0:00:01]} 30. Rxf3 {[%emt 0:00:08]} Rxf3 {[%emt 0:00:02]} 31. Kg2 {[%emt 0:00:01]} Rxb3 {[%emt 0:00:01]} 32. axb3 {[%emt 0:00:02]} Qxd5+ {[%emt 0:00:01]} 33. Kh3 {[%emt 0:00:01]} Re2 {[%emt 0:00:02]} 34. Ra4 {[%emt 0:00:00]} Rxf2 {[%emt 0:00:01] Czas partii (Lag: Av=0.52s, max=1.2s)} 0-1

[Event "Stay Safe Play From Home 283"]
[Site "Emanuel Lasker Arena"]
[Date "2020.07.07"]
[Round "9"]
[White "Toosieslide"]
[Black "Broken sword"]
[Result "0-1"]
[WhiteElo "2193"]
[BlackElo "2478"]
[Annotator "TA"]
[PlyCount "116"]
[EventDate "2020.07.07"]
[EventType "swiss (blitz)"]

{[%evp 16,116,60,54,42,60,64,-34,-26,-22,0,-50,-71,-72,-79,-68,-42,-161,-62,-75,-22,-111,-107,-208,-213,-207,-177,-389,-193,-210,-195,-191,-120,-102,-108,-114,-120,-145,-106,-118,-88,-89,-50,-97,-81,-88,-6,-6,-16,-12,0,0,0,0,0,0,0,-73,-57,-281,-281,-524,-518,-646,-654,-700,-281,-281,-221,-221,-228,-221,-120,-214,0,-258,-207,-208,-206,-206,-206,-197,-191,-183,0,-183,-152,-151,-127,-201,-5,-5,0,-643,0,0,0,-498,-12,-66,-12,-119,-12]} 1. d4 d5 2. c4 c6 3. Nc3 Nf6 4. Nf3 dxc4 5. a4 Bf5 6. Ne5 Nbd7 7. Nxc4 e6 8. f3 Nb6 9. Ne5 Nbd7 {D17: Slav Defence: 5 a4 Bf5: Lines with 6 Nh4 and 6 Ne5.} 10. e4 Bg6 $1 {[#]} 11. Be3 $146 (11. Nc4 $14) ({Predecessor:} 11. Nc4 Bb4 12. Bg5 Be7 13. Be3 O-O 14. Be2 Nb6 15. Ne5 Nbd7 16. Nd3 Ne8 17. O-O a5 18. Qb3 Qb8 19. Kh1 Nc7 {½-½ (41) Komljenovic,D (2490)-Velikov,P (2425) Torcy 1991}) 11... Nxe5 $1 $15 {Black is slightly better.} 12. dxe5 Nd7 13. f4 Bb4 14. Be2 Bxe4 15. O-O Bg6 16. Bd3 {[#]} ({Better is} 16. g4 $15) 16... Bxd3 (16... Nxe5 $1 $19 {[%mdl 512]} 17. Bxg6 (17. fxe5 Qxd3) 17... Nxg6 18. Qxd8+ Kxd8 19. Rfd1+ Ke7) 17. Qxd3 Nc5 (17... O-O $17) 18. Qc4 (18. Qxd8+ $1 $11 Rxd8 19. Na2) 18... Qd3 $17 19. Qxb4 (19. Qxd3 $17 Nxd3 20. Ne4) 19... Qxe3+ $19 20. Kh1 {Hoping for Rf3.} Rd8 21. Rad1 $2 (21. Rae1 Qd4 22. Qa5) 21... O-O (21... Nd3 $142 22. Rxd3 Qxd3) 22. Rfe1 Rxd1 23. Nxd1 {[#]} Qc1 (23... a5 $1 $19 {[%mdl 512]} 24. Qxa5 Qd4) 24. Ne3 $17 Nd3 $1 {[%csl LRb2,LRb4,LRe1][%mdl 64] Double Attack} 25. Rxc1 Nxb4 {[%mdl 4096] Endgame KRN-KRN} 26. Nc4 Rd8 27. Nd6 Rd7 28. Rc4 Nd5 (28... a5 {is more complex.} 29. Rc3 f6 30. g3 b6 31. Kg1 Rd8) 29. b4 h6 30. b5 Nb6 (30... cxb5 $17 31. axb5 g5 32. fxg5 hxg5) 31. bxc6 $11 bxc6 32. Rxc6 g5 33. a5 Nd5 34. fxg5 hxg5 35. a6 Ne7 36. Rc4 (36. Rc5 $11) 36... Ng6 $1 $17 {[%cal Rg6e5]} 37. Rg4 $2 (37. Re4 $15) 37... Nxe5 $19 38. Rxg5+ $2 (38. Rd4) 38... Ng6 39. h4 Rxd6 {KRN-KR} 40. h5 Kg7 (40... Rd1+ $142 41. Kh2 Rd5 42. Rxd5 exd5) 41. hxg6 fxg6 {KR-KR} 42. Ra5 Kf6 43. Kh2 Rd5 ({Black should play} 43... Rd3 $19 44. g4 Rd5) 44. Ra1 (44. Ra3 $17 {was called for.}) 44... Rd6 $2 (44... e5 $19 45. Kg3 Kf5 46. Rf1+ Ke6) 45. Rf1+ $2 {[%mdl 8192]} (45. Ra5 $1 $11) 45... Ke7 46. Ra1 e5 47. Kg3 Kf6 48. Kg4 Rd4+ 49. Kg3 Rd6 $2 (49... Kf5 $19 50. Ra3 Rg4+ 51. Kf2 Rb4) 50. Rf1+ $2 (50. Kg4 $1 $11) 50... Ke6 51. Ra1 Rd3+ 52. Kh4 (52. Kg4 $17) 52... Rd4+ $2 (52... e4 $19 {White should prevent ...Ke5.} 53. Rb1 Ra3) 53. Kg5 $11 Kf7 54. Kh6 $2 {[%mdl 8192]} (54. Rf1+ $11 Ke7 55. Rb1) 54... Rh4+ $2 (54... Kf6 $1 $19 {[%cal Rd4h4]} 55. g3 Kf5 56. Rf1+ Kg4) 55. Kg5 Rc4 56. Kh6 $2 {[%mdl 8192] [#]} (56. Rf1+ $11 {and White has nothing to worry.} Ke7 57. Rh1) 56... Rc6 $2 (56... Kf6 $1 $19 {[%cal Rc4h4]} 57. g3 Kf5 58. Rf1+ Kg4) 57. Kg5 e4 ({Black should try} 57... Re6 $1 $15) 58. Rf1+ {[#]} (58. Kf4 $11 {remains equal.}) 58... Ke7 {[%mdl 32768] Accuracy: White = 39%, Black = 44%. . Sensor Board Error (Ke4/e5)?} (58... Ke6 $1 $17 59. Kf4 Rxa6 60. Kxe4 Ra4+ 61. Ke3 a5) 0-1

[Event "Stay Safe Play From Home 283"]
[Site "Emanuel Lasker Arena"]
[Date "2020.07.07"]
[Round "9"]
[White "Trotsky"]
[Black "Lamborghini"]
[Result "0-1"]
[WhiteElo "1635"]
[BlackElo "2272"]
[PlyCount "38"]
[EventDate "2020.07.07"]
[EventType "swiss (blitz)"]

1. d4 {[%emt 0:00:17]} Nf6 {[%emt 0:00:02]} 2. e3 {[%emt 0:00:01]} g6 {[%emt 0:00:00]} 3. c4 {[%emt 0:00:01]} Bg7 {[%emt 0:00:00]} 4. Nc3 {[%emt 0:00:01]} O-O {[%emt 0:00:00]} 5. Bd3 {[%emt 0:00:01]} d6 {[%emt 0:00:00]} 6. Qc2 {[%emt 0:00:00]} Nc6 {[%emt 0:00:00]} 7. Nf3 {[%emt 0:00:01]} Nb4 {[%emt 0:00:01]} 8. Qb1 {[%emt 0:00:01]} c5 {[%emt 0:00:01]} 9. a3 {[%emt 0:00:01]} Nxd3+ {[%emt 0:00:01]} 10. Qxd3 {[%emt 0:00:01]} cxd4 {[%emt 0:00:01]} 11. exd4 {[%emt 0:00:01]} Bf5 {[%emt 0:00:02]} 12. Qd2 {[%emt 0:00:02]} Rc8 {[%emt 0:00:01]} 13. h3 {[%emt 0:00:01]} Rxc4 {[%emt 0:00:02]} 14. g4 {[%emt 0:00:02]} Ne4 {[%emt 0:00:01]} 15. Nxe4 {[%emt 0:00:04]} Bxe4 {[%emt 0:00:01]} 16. Ng5 {[%emt 0:00:03]} Bxh1 {[%emt 0:00:02]} 17. Qd3 {[%emt 0:00:03]} Rxd4 {[%emt 0:00:01]} 18. Qe3 {[%emt 0:00:04]} h6 {[%emt 0:00:03]} 19. Ke2 {[%emt 0:00:05]} hxg5 {[%emt 0:00:02] Âðåìÿ (Lag: Av=0.26s, max=0.8s)} 0-1

[Event "Stay Safe Play From Home 283"]
[Site "Emanuel Lasker Arena"]
[Date "2020.07.07"]
[Round "9"]
[White "Klasman"]
[Black "Lazieri3"]
[Result "0-1"]
[WhiteElo "1428"]
[BlackElo "2081"]
[PlyCount "40"]
[EventDate "2020.07.07"]
[EventType "swiss (blitz)"]

1. f4 {[%emt 0:00:05]} c6 {[%emt 0:00:00]} 2. e4 {[%emt 0:00:01]} d5 {[%emt 0:00:00]} 3. e5 {[%emt 0:00:01]} Bf5 {[%emt 0:00:02]} 4. c4 {[%emt 0:00:04]} e6 {[%emt 0:00:01]} 5. Qb3 {[%emt 0:00:02]} Qb6 {[%emt 0:00:02]} 6. Nf3 {[%emt 0:00:06]} Qxb3 {[%emt 0:00:01]} 7. axb3 {[%emt 0:00:01]} dxc4 {[%emt 0:00:00]} 8. bxc4 {[%emt 0:00:02]} Nd7 {[%emt 0:00:00]} 9. d4 {[%emt 0:00:02]} Bb4+ {[%emt 0:00:01]} 10. Nc3 {[%emt 0:00:02]} Bxc3+ {[%emt 0:00:01]} 11. bxc3 {[%emt 0:00:01]} Ne7 {[%emt 0:00:00]} 12. Ba3 {[%emt 0:00:02]} h6 {[%emt 0:00:02]} 13. h3 {[%emt 0:00:02]} c5 {[%emt 0:00:01]} 14. g4 {[%emt 0:00:02]} Be4 {[%emt 0:00:01]} 15. Bg2 {[%emt 0:00:03]} cxd4 {[%emt 0:00:02]} 16. cxd4 {[%emt 0:00:03]} Nc6 {[%emt 0:00:01]} 17. d5 {[%emt 0:00:09]} Na5 {[%emt 0:00:02]} 18. d6 {[%emt 0:00:04]} Nxc4 {[%emt 0:00:01]} 19. Bb4 {[%emt 0:00:04]} a5 {[%emt 0:00:03]} 20. Bc3 {[%emt 0:00:03]} Ne3 {[%emt 0:00:01] Time (Lag: Av=0.71s, max=0.8s)} 0-1